| 000 | 00974nam a2200253 i 4500 | ||
|---|---|---|---|
| 003 | CO-ViMGA | ||
| 005 | 20230915224424.0 | ||
| 008 | 200114s2018 ck gr 000 0 spa d | ||
| 020 | _a9789580007180 | ||
| 040 |
_aCO-ViMGA _bspa _cCO-ViMGA |
||
| 084 | _aLM PRI19 | ||
| 100 | 1 |
_aPrieto Hernandez, Ezequiel _eautor _9132465 |
|
| 245 | 0 |
_aNarraciones indigenas del desierto = Akujuushi sulu u suummainpa'a wayuu / _cEzequiel Prieto Hernandez narrador ; compilador y traductor Rafael S. Mercado Epieyu ; ilustraciones William Pineda |
|
| 250 | _aPrimera edicion | ||
| 260 |
_aBogota : _bEducativa, _c2018 |
||
| 300 |
_a93 paginas _bilustraciones a color _c24 cm |
||
| 546 | _aTexto en español y wayuu | ||
| 650 | 1 | 7 |
_aMitos y leyendas _2LEMB _911617 |
| 650 | 1 | 7 |
_aTradicion oral colombiana _2LEMB _916223 |
| 650 | 1 | 7 |
_aWayuu (indigenas de Colombia) _2LEMB _9132466 |
| 700 | 1 |
_aMercado Epieyu, Rafael S _9132313 |
|
| 700 | 1 |
_aPineda, William _9132312 |
|
| 942 |
_2ddc _cBK |
||
| 999 |
_c8705 _d8705 |
||